000 01432cam a2200325 a 4500
999 _c129318
_d129318
001 3034926
003 ARRUPE
005 20190329114345.0
008 950912s1996 mdu b 001 0 eng
010 _a 95039927
020 _a0801852463 (hardcover : alk. paper)
020 _a0801852471 (pbk. : alk. paper)
040 _aDLC
_cDLC
_dDLC
050 0 0 _aPN771
_b.C338 1996
082 0 0 _a809/.93353
_220
100 1 _aCaruth, Cathy,
_d1955-
_945590
245 1 0 _aUnclaimed experience :
_btrauma, narrative, and history /
_cCathy Caruth.
260 _aBaltimore :
_bJohns Hopkins University Press,
_c1996.
300 _ax, 154 p. ;
_c22 cm.
504 _aIncludes bibliographical references (p. [113]-146) and index.
650 0 _aLiterature, Modern
_y20th century
_xHistory and criticism.
_915164
650 0 _aPsychic trauma in literature.
_945591
650 0 _aDisasters in literature.
_945592
650 0 _aLiterature and society
_xHistory
_y20th century.
_945593
856 4 2 _3Contributor biographical information
_uhttp://www.loc.gov/catdir/bios/jhu051/95039927.html
856 4 2 _3Publisher description
_uhttp://www.loc.gov/catdir/description/jhu051/95039927.html
906 _a7
_bcbc
_corignew
_d1
_eocip
_f19
_gy-gencatlg
942 _2lcc
_cMONOGRAPH